00864nam a2200241 a 450000100060000000300090000600800410001502000150005604000280007108200170009911000610011624501680017725000060034526000870035130000100043849000170044865000230046565000220048865000260051065000300053665000310056665000250059712987CO-ViMGA141112s2004 ck r 000 u spa d a958961664X aCO-ViMGAbspacCO-ViMGA04a370.78 S471m aSeminario Internacional la investigación en la escuela10aMemorias del seminario internacional la investigación en la escuela : bPrograma de fortalecimiento de la capacidad cientifica en la Educación Básica y Media a1 aSantafé de Bogotá : bUniversidad Nacional de Colombia, cPrograma RED, c1998 a183p. aPrograma RED14aeducación BASICA14aeducación MEDIA14aFORMACION DE DOCENTES14aInvestigación EDUCATIVA14aInvestigación EN EL AULA14aPROCESOS PEDAGOGICOS